The workplace. t.II, binterpersonal strengths and leadership /
Uloženo v:
| Hlavní autor: | |
|---|---|
| Médium: | Sách giấy |
| Vydáno: |
Boston :
McGraw Hill,
2006.
|
| Edice: | The professional development series ;
Book 2 |
| Témata: | |
| On-line přístup: | Table of contents only Contributor biographical information Publisher description |
| Tagy: |
Přidat tag
Žádné tagy, Buďte první, kdo otaguje tento záznam!
|
| Thư viện lưu trữ: | Thư viện Trường Đại học Đà Lạt |
|---|
| LEADER | 01330nam a2200409 4500 | ||
|---|---|---|---|
| 001 | DLU090064949 | ||
| 005 | ##20090113 | ||
| 008 | ##050614s2006 nyua 001 0 eng d | ||
| 010 | # | # | |a 2005276745 |
| 020 | # | # | |a 0078605695 (pbk.) |
| 035 | # | # | |a (OCoLC)ocm58950331 |
| 040 | # | # | |a SISPL |c SISPL |d DLC |
| 042 | # | # | |a lccopycat |
| 050 | # | # | |a HD66 |b .P33 2006 |
| 082 | # | # | |a 658.1 |b PA-J |
| 100 | # | # | |a Pace, Joe. |
| 245 | # | # | |a The workplace. |n t.II, |p binterpersonal strengths and leadership / |c Joe Pace. |
| 260 | # | # | |a Boston : |b McGraw Hill, |c 2006. |
| 300 | # | # | |a vii, 114 p. : |b ill. ; |c 28 cm. |
| 440 | # | # | |a The professional development series ; |v Book 2 |
| 500 | # | # | |a Includes index. |
| 650 | # | # | |a Teams in the workplace. |
| 650 | # | # | |a Work environment. |
| 856 | # | # | |3 Table of contents only |u http://www.loc.gov/catdir/enhancements/fy0626/2005276745-t.html |
| 856 | # | # | |3 Contributor biographical information |u http://www.loc.gov/catdir/enhancements/fy0737/2005276745-b.html |
| 856 | # | # | |3 Publisher description |u http://www.loc.gov/catdir/enhancements/fy0626/2005276745-d.html |
| 923 | # | # | |a 21/2008 |
| 990 | # | # | |a t.II |
| 992 | # | # | |a 5700 |
| 994 | # | # | |a DLU |
| 900 | # | # | |a True |
| 911 | # | # | |a Đào Thị Thu Huyền |
| 925 | # | # | |a G |
| 926 | # | # | |a A |
| 927 | # | # | |a SH |
| 980 | # | # | |a Thư viện Trường Đại học Đà Lạt |


